000 00262nam a2200097Ia 4500
001 727401
005 20250826163447.0
008 250824s9999 xx 000 0 und d
245 0 _aNUTUK
_cMUSTAFA KEMAL ATATÜRK
260 _bTÜRKİYE İŞ BANKASI KÜLTÜR YAYINLARI
999 _c727401
_d727401